Statistics for Winners of Norway Chess

Click here to take the quiz!

General Stats

  • This quiz has been taken 12 times
  • The average score is 7 of 9

Answer Stats

Classical WinsBlitz WinsWinner% Correct
2016, 2019-20222014, 2016, 2017Magnus Carlsen
100%
2023Hikaru Nakamura
92%
2015, 2019Maxime Vachier-Lagrave
83%
2018Fabiano Caruana
75%
2017Levon Aronian
75%
2013, 20142013Sergey Karjakin
75%
2018, 2022Wesley So
75%
2023Nodirbek Abdusattorov
67%
2015Veselin Topalov
50%

Score Distribution

Percentile by Number Answered

Percent of People with Each Score

Your Score History

You have not taken this quiz